[Event "Havana Province-ch sf Fase 1"]
[Site "Havana"]
[Date "2010.05.12"]
[Round "5"]
[White "Fernandez Guillen, Ernesto J"]
[Black "Machado la Rosa, Ariel"]
[Result "1/2-1/2"]
[WhiteElo "2214"]
[BlackElo "2224"]
[PlyCount "85"]
[EventDate "2010.05.05"]
[EventType "swiss"]
[EventRounds "9"]
[EventCountry "CUB"]
[EventCategory "1"]
[SourceTitle "EXT 2019"]
[Source "ChessBase"]
[SourceDate "2018.10.10"]
[SourceVersion "1"]
[SourceVersionDate "2018.10.10"]
[SourceQuality "1"]

1. e4 e5 2. Nf3 Nc6 3. Bc4 Nf6 4. Ng5 d5 5. exd5 Nd4 6. c3 b5 7. cxd4 bxc4 8. Qa4+ Qd7 9. Qxc4 Qxd5 10. Qxd5 Nxd5 11. Nc3 Nb4 12. 0-0 Nc2 13. Nb5 Rb8 14. Nxc7+ Kd7 15. Nd5 Nxa1 16. Nxf7 Rg8 17. Nxe5+ Kd6 18. Ne3 Ba6 19. d3 Ke6 20. f4 g6 21. d5+ Kd6 22. b3 Kc7 23. Bb2 Nxb3 24. axb3 Rxb3 25. Bd4 Ba3 26. Nc2 Bxd3 27. Nxd3 Rxd3 28. Nxa3 Rxa3 29. Be5+ Kb7 30. Rb1+ Ka6 31. Rd1 Rd8 32. Bc7 Rd7 33. d6 Rb3 34. Re1 Kb7 35. Kf2 a5 36. Ra1 Rb5 37. Ke3 Kc6 38. Ke4 Rf7 39. g3 Rff5 40. Ra3 Rfd5 41. Kf3 Rd4 42. Bxa5 Kxd6 43. Bc3 1/2-1/2

[Event "Havana Province-ch sf Fase 1"]
[Site "Havana"]
[Date "2010.05.07"]
[Round "2"]
[White "Machado la Rosa, Ariel"]
[Black "Fuentes Garcia, Diosbel Enrique"]
[Result "1-0"]
[WhiteElo "2224"]
[BlackElo "2128"]
[PlyCount "51"]
[EventDate "2010.05.05"]
[EventType "swiss"]
[EventRounds "9"]
[EventCountry "CUB"]
[EventCategory "1"]
[SourceTitle "EXT 2019"]
[Source "ChessBase"]
[SourceDate "2018.10.10"]
[SourceVersion "1"]
[SourceVersionDate "2018.10.10"]
[SourceQuality "1"]

1. e4 d6 2. d4 Nf6 3. Nc3 Nbd7 4. Nge2 e5 5. f3 c6 6. Be3 Be7 7. Qd2 b5 8. d5 Bb7 9. dxc6 Bxc6 10. a3 a5 11. Ng3 b4 12. Nb5 d5 13. Nf5 0-0 14. Nc7 d4 15. Bh6 Nxe4 16. fxe4 Bh4+ 17. g3 Bf6 18. Nxa8 gxh6 19. Qxh6 Bxe4 20. Bd3 Qxa8 21. 0-0 b3 22. g4 Bxd3 23. cxd3 Re8 24. g5 Bh8 25. Qd6 Qd8 26. Nh6+ 1-0

[Event "Havana Provincial-ch final"]
[Site "Havana"]
[Date "2009.11.04"]
[Round "16"]
[White "Machado la Rosa, Ariel"]
[Black "Garcia Pantoja, Roberto"]
[Result "1/2-1/2"]
[WhiteElo "2164"]
[BlackElo "2376"]
[PlyCount "43"]
[EventDate "2009.10.16"]
[EventType "tourn"]
[EventRounds "17"]
[EventCountry "CUB"]
[SourceTitle "CBM 133 Extra"]
[Source "ChessBase"]
[SourceDate "2010.01.05"]
[SourceVersion "1"]
[SourceVersionDate "2010.01.05"]
[SourceQuality "1"]

1. c4 e5 2. Qc2 Nf6 3. e3 Nc6 4. a3 Be7 5. d3 0-0 6. Nc3 d5 7. cxd5 Nxd5 8. Nf3 Nb6 9. b4 a6 10. Be2 Be6 11. 0-0 f5 12. Bb2 Qe8 13. Nd2 Rc8 14. Nb3 Nd7 15. d4 exd4 16. Nxd4 Nxd4 17. exd4 Nb6 18. Rfe1 Bd6 19. b5 axb5 20. Nxb5 Bd5 21. Nc3 Be6 22. Nb5 1/2-1/2

[Event "Havana Provincial-ch final"]
[Site "Havana"]
[Date "2009.11.03"]
[Round "15"]
[White "Gil Martinez, Jose Luis"]
[Black "Machado la Rosa, Ariel"]
[Result "1/2-1/2"]
[WhiteElo "2297"]
[BlackElo "2164"]
[PlyCount "61"]
[EventDate "2009.10.16"]
[EventType "tourn"]
[EventRounds "17"]
[EventCountry "CUB"]
[SourceTitle "CBM 133 Extra"]
[Source "ChessBase"]
[SourceDate "2010.01.05"]
[SourceVersion "1"]
[SourceVersionDate "2010.01.05"]
[SourceQuality "1"]

1. d4 d5 2. Nf3 Nf6 3. c4 c6 4. Nc3 e6 5. cxd5 exd5 6. Qc2 Be7 7. Bg5 g6 8. e3 Bf5 9. Bd3 Bxd3 10. Qxd3 Nbd7 11. Bh6 Ng4 12. Bf4 Ngf6 13. h3 0-0 14. 0-0 Re8 15. Rab1 a5 16. Qc2 Nf8 17. a3 Ne6 18. Be5 Nd7 19. b4 axb4 20. axb4 b5 21. e4 Nxe5 22. dxe5 d4 23. Rfd1 Qb6 24. Ne2 c5 25. bxc5 Bxc5 26. Ne1 Rad8 27. Nd3 Bf8 28. Qb2 Nc5 29. Qxb5 Qxb5 30. Rxb5 Nxe4 31. Rc1 1/2-1/2

[Event "Havana Provincial-ch final"]
[Site "Havana"]
[Date "2009.10.25"]
[Round "7"]
[White "Larrua Gonzalez, Fernando Oscar"]
[Black "Machado la Rosa, Ariel"]
[Result "1-0"]
[WhiteElo "2255"]
[BlackElo "2164"]
[PlyCount "101"]
[EventDate "2009.10.16"]
[EventType "tourn"]
[EventRounds "17"]
[EventCountry "CUB"]
[SourceTitle "CBM 133 Extra"]
[Source "ChessBase"]
[SourceDate "2010.01.05"]
[SourceVersion "1"]
[SourceVersionDate "2010.01.05"]
[SourceQuality "1"]

1. d4 d5 2. Nf3 Nf6 3. c4 c6 4. e3 e6 5. Nbd2 Nbd7 6. Bd3 dxc4 7. Nxc4 c5 8. 0-0 Be7 9. Qe2 0-0 10. Rd1 cxd4 11. exd4 b6 12. Bf4 Nd5 13. Bg3 N7f6 14. Rac1 Nb4 15. Bb1 Bb7 16. a3 Nbd5 17. Nce5 Rc8 18. Ng5 Rxc1 19. Rxc1 h6 20. Ne4 Qa8 21. f3 Rc8 22. Re1 Re8 23. Nxf7 Bf8 24. Ne5 Qd8 25. Qd3 Ba8 26. Bh4 g5 27. Nxf6+ Nxf6 28. Qg6+ Bg7 29. Nf7 Qxd4+ 30. Bf2 Qxb2 31. Nxh6+ Kh8 32. Nf7+ Kg8 33. Nxg5 Bd5 34. h4 Re7 35. h5 Bc6 36. h6 Be8 37. h7+ Kh8 38. Qd3 Qb5 39. Qxb5 Bxb5 40. Rxe6 Rc7 41. Bg6 Bc4 42. Rd6 Rd7 43. Rc6 Nxh7 44. Nxh7 Rd1+ 45. Kh2 Be5+ 46. Bg3 Bxg3+ 47. Kxg3 Bb5 48. Rc7 a5 49. Nf6 Rh1 50. Kf4 Bf1 51. Kg5 1-0

[Event "Havana Provincial-ch final"]
[Site "Havana"]
[Date "2009.10.22"]
[Round "5"]
[White "Machado la Rosa, Ariel"]
[Black "Aguero Jimenez, Luis Lazaro"]
[Result "1/2-1/2"]
[WhiteElo "2164"]
[BlackElo "2400"]
[PlyCount "56"]
[EventDate "2009.10.16"]
[EventType "tourn"]
[EventRounds "17"]
[EventCountry "CUB"]
[SourceTitle "CBM 133 Extra"]
[Source "ChessBase"]
[SourceDate "2010.01.05"]
[SourceVersion "1"]
[SourceVersionDate "2010.01.05"]
[SourceQuality "1"]

1. e4 c5 2. Nf3 e6 3. d4 cxd4 4. Nxd4 Nf6 5. Nc3 Nc6 6. Ndb5 d6 7. Bf4 e5 8. Bg5 a6 9. Na3 b5 10. Nd5 Qa5+ 11. Bd2 Qd8 12. Bg5 Be7 13. Bxf6 Bxf6 14. c3 Bg5 15. Nc2 Rb8 16. a4 bxa4 17. Ncb4 Bd7 18. Bxa6 Nxb4 19. cxb4 0-0 20. 0-0 Bc6 21. Rxa4 Bxa4 22. Qxa4 Kh8 23. Qc6 Bd2 24. b5 Ba5 25. Bb7 f6 26. b4 Bb6 27. Nxb6 Rf7 28. Nd5 Rfxb7 1/2-1/2

[Event "Havana Province-ch sf"]
[Site "Havana"]
[Date "2009.08.02"]
[Round "8"]
[White "Agra Caballero, Ariel"]
[Black "Machado la Rosa, Ariel"]
[Result "1/2-1/2"]
[WhiteElo "2246"]
[BlackElo "2164"]
[PlyCount "45"]
[EventDate "2009.07.23"]
[EventType "swiss"]
[EventRounds "9"]
[EventCountry "CUB"]
[EventCategory "1"]
[SourceTitle "EXT 2018"]
[Source "ChessBase"]
[SourceDate "2017.10.13"]
[SourceVersion "1"]
[SourceVersionDate "2017.10.13"]
[SourceQuality "1"]

1. d4 d5 2. c4 e6 3. cxd5 exd5 4. Nc3 Nf6 5. Bg5 Be7 6. e3 c6 7. Bd3 0-0 8. Nge2 Nbd7 9. 0-0 Re8 10. f3 Nf8 11. Kh1 Be6 12. Qd2 Rc8 13. Rae1 c5 14. dxc5 Rxc5 15. b4 Rc8 16. a3 Qc7 17. Rc1 Qb8 18. Bf4 Bd6 19. Bxd6 Qxd6 20. Nb5 Qb6 21. Rxc8 Rxc8 22. Rc1 Rxc1+ 23. Qxc1 1/2-1/2

[Event "Havana Province-ch sf"]
[Site "Havana"]
[Date "2009.07.30"]
[Round "5"]
[White "Machado la Rosa, Ariel"]
[Black "Ibanez Milian, Dagoberto"]
[Result "0-1"]
[WhiteElo "2164"]
[BlackElo "2236"]
[PlyCount "44"]
[EventDate "2009.07.23"]
[EventType "swiss"]
[EventRounds "9"]
[EventCountry "CUB"]
[EventCategory "1"]
[SourceTitle "EXT 2018"]
[Source "ChessBase"]
[SourceDate "2017.10.13"]
[SourceVersion "1"]
[SourceVersionDate "2017.10.13"]
[SourceQuality "1"]

1. e4 c5 2. Nf3 e6 3. d4 cxd4 4. Nxd4 a6 5. Bd3 Qc7 6. 0-0 Nf6 7. Qe2 d6 8. c4 Nbd7 9. b3 Be7 10. Bb2 b6 11. Nc3 Bb7 12. Kh1 0-0 13. f4 Rfe8 14. Rad1 g6 15. Nf3 Rad8 16. Ng5 Nh5 17. Qg4 Bf6 18. Rf3 Qc5 19. Rh3 Nxf4 20. Nxf7 Nxd3 21. Rdxd3 Kxf7 22. Rde3 Qb4 0-1

[Event "Havana Province-ch sf"]
[Site "Havana"]
[Date "2009.07.29"]
[Round "4"]
[White "Morales Romero, Romaris"]
[Black "Machado la Rosa, Ariel"]
[Result "1/2-1/2"]
[WhiteElo "2262"]
[BlackElo "2164"]
[PlyCount "158"]
[EventDate "2009.07.23"]
[EventType "swiss"]
[EventRounds "9"]
[EventCountry "CUB"]
[EventCategory "1"]
[SourceTitle "EXT 2018"]
[Source "ChessBase"]
[SourceDate "2017.10.13"]
[SourceVersion "1"]
[SourceVersionDate "2017.10.13"]
[SourceQuality "1"]

1. d4 d5 2. Nf3 Nf6 3. e3 c5 4. c4 cxd4 5. exd4 Nc6 6. Nc3 Bg4 7. cxd5 Nxd5 8. Be2 e6 9. 0-0 Be7 10. h3 Bh5 11. Be3 0-0 12. Qb3 Ncb4 13. a3 Nxe3 14. fxe3 Nd5 15. Nd1 Qc7 16. Bc4 Nb6 17. Bd3 Qg3 18. Nc3 Rac8 19. Ne4 Qc7 20. Rac1 Qxc1 21. Rxc1 Rxc1+ 22. Kf2 Bg6 23. Ne5 Bxe4 24. Bxe4 Rc7 25. a4 Nd7 26. Nxd7 Rxd7 27. a5 a6 28. Ke2 Rc8 29. d5 Kh8 30. dxe6 fxe6 31. Qxe6 Rcd8 32. Kf3 Rc7 33. Kg4 Rf8 34. Qe5 Bd8 35. Qd6 Rcf7 36. Bd5 Rf6 37. Qe5 Rg6+ 38. Kh5 Rg5+ 39. Qxg5 Bxg5 40. Kxg5 g6 41. g4 Kg7 42. Bxb7 h6+ 43. Kh4 Rb8 44. Bxa6 Ra8 45. Bc4 Rxa5 46. Kg3 Kf6 47. Kf4 Re5 48. h4 g5+ 49. hxg5+ hxg5+ 50. Kf3 Rc5 51. b3 Ke5 52. Ke2 Rc7 53. Bd3 Rc3 54. b4 Rb3 55. b5 Rb4 56. Kf3 Rb2 57. Bc4 Rc2 58. Bd3 Rc3 59. Ke2 Kd5 60. Kd2 Rb3 61. Kc2 Rb4 62. Be2 Kc5 63. Kc3 Ra4 64. Kd2 Ra3 65. Bd3 Ra4 66. Bf5 Rb4 67. Kd3 Kxb5 68. e4 Kc5 69. e5 Kd5 70. e6 Rb3+ 71. Ke2 Kd6 72. Kd2 Rg3 73. Ke2 Rh3 74. Kd2 Ke7 75. Ke2 Kf6 76. Kd2 Ra3 77. Ke2 Ra7 78. Kd3 Ke7 79. Ke3 Ra4 1/2-1/2

[Event "Havana Province-ch sf"]
[Site "Havana"]
[Date "2009.07.24"]
[Round "2"]
[White "Cespedes Beltran, Manuel"]
[Black "Machado la Rosa, Ariel"]
[Result "0-1"]
[WhiteElo "2262"]
[BlackElo "2164"]
[PlyCount "70"]
[EventDate "2009.07.23"]
[EventType "swiss"]
[EventRounds "9"]
[EventCountry "CUB"]
[EventCategory "1"]
[SourceTitle "EXT 2018"]
[Source "ChessBase"]
[SourceDate "2017.10.13"]
[SourceVersion "1"]
[SourceVersionDate "2017.10.13"]
[SourceQuality "1"]

1. e4 e5 2. Nf3 Nc6 3. Bc4 Nf6 4. d3 Bc5 5. c3 a6 6. Bb3 Ba7 7. 0-0 d6 8. h3 h6 9. Nh2 g5 10. Qf3 Qe7 11. Be3 Nd8 12. Bxa7 Rxa7 13. Qe3 c5 14. Ba4+ b5 15. Bd1 Ne6 16. a4 h5 17. Nd2 Kf8 18. Re1 Nf4 19. d4 Kg7 20. axb5 axb5 21. Rxa7 Qxa7 22. dxe5 dxe5 23. Ndf3 Qe7 24. Kf1 Ng4 25. Qd2 Rd8 26. Qc2 Nxh2+ 27. Nxh2 Bxh3 28. gxh3 Qe6 29. Re3 Qd7 30. Be2 Ra8 31. Kg1 Ra1+ 32. Bf1 Nxh3+ 33. Rxh3 Qxh3 34. Qd2 Rxf1+ 35. Nxf1 Qg4+ 0-1

[Event "Havana Province-ch sf"]
[Site "Havana"]
[Date "2009.07.23"]
[Round "1"]
[White "Machado la Rosa, Ariel"]
[Black "Gil Suarez, Jose Luis"]
[Result "1-0"]
[WhiteElo "2164"]
[BlackElo "2285"]
[PlyCount "111"]
[EventDate "2009.07.23"]
[EventType "swiss"]
[EventRounds "9"]
[EventCountry "CUB"]
[EventCategory "1"]
[SourceTitle "EXT 2018"]
[Source "ChessBase"]
[SourceDate "2017.10.13"]
[SourceVersion "1"]
[SourceVersionDate "2017.10.13"]
[SourceQuality "1"]

1. e4 e6 2. d4 d5 3. Nc3 Bb4 4. e5 c5 5. a3 Bxc3+ 6. bxc3 Ne7 7. Qg4 Qc7 8. Qxg7 Rg8 9. Qxh7 cxd4 10. Ne2 Nbc6 11. f4 dxc3 12. Qd3 Bd7 13. Nxc3 a6 14. Ne2 Rc8 15. Rg1 Nf5 16. Rb1 Nce7 17. g4 Bb5 18. Rxb5 axb5 19. gxf5 Rxg1 20. Nxg1 Qxc2 21. Qxc2 Rxc2 22. Bxb5+ Kf8 23. Bd2 Nxf5 24. Bd3 Ra2 25. Bxf5 exf5 26. Nf3 Kg7 27. Bb4 Kg6 28. h3 Kh5 29. Be7 Rc2 30. Bb4 Rc4 31. Bd2 Rc2 32. Nd4 Ra2 33. Nxf5 Rxa3 34. Nd6 Rxh3 35. Nxf7 Kg6 36. Nd6 Kg7 37. Ke2 Kf8 38. f5 Rh5 39. Ke3 Ke7 40. Kd4 Rh1 41. Bg5+ Kd7 42. Kxd5 Rd1+ 43. Ke4 Re1+ 44. Be3 b6 45. Kf4 Rf1+ 46. Kg5 b5 47. Nxb5 Re1 48. Bf4 Ke7 49. f6+ Kf7 50. Kf5 Rf1 51. Nd6+ Kf8 52. e6 Re1 53. Bh6+ Kg8 54. e7 Rf1+ 55. Ke6 Re1+ 56. Kd7 1-0